000 00717nam a22002177a 4500
003 UA-OsUOA
001 69556
007 ta
008 20100625b un ||||| |||| 00| 0 ukr d
100 _aПівторак Г.П.
090 _a81
_bП36
942 _cSA
040 _aUA-OsUOA
_bukr
_cUA-OsUOA
_dUA-OsUOA
245 _aДеякі методологічні проблеми дослідження етно-і глотогенезу східних слов'ян на сучасному етапі
300 _aС.4-8
955 _a0
041 _aukr
080 _a81
773 0 _w69555
650 7 _a8 Мовознавство. Художня література. Літературознавство
_2UDC
999 _c355817
_d355817